000 00604nam a22001697a 4500
020 _a9789332536029
_c449.00
035 _aB-668127
037 _bTechniz
_adpl
082 _a005.133
100 _aCunningham, Katie
245 _aSams teach yourself python in 24 hours /
260 _c2014
_aNoida
_bPearson
270 _a7th Floor, Knowledge Boulevard, A-8(A), Sector-62,
_bNoida
_e201309
300 _c25cm(pbk)
_a302p.
942 _cEN
_2ddc
_mCUN
_h005.133
999 _c142351
_d142351